|
|
|
|
| LEADER |
01924nam a2200517 i 4500 |
| 001 |
nkc20243605615 |
| 003 |
CZ PrNK |
| 005 |
20240807105114.0 |
| 007 |
ta |
| 008 |
240513s2024 xr a f 000 0 cze |
| 015 |
|
|
|a cnb003605615
|
| 020 |
|
|
|a 978-80-87284-97-1
|q (brožováno)
|
| 035 |
|
|
|a (OCoLC)1451768467
|
| 040 |
|
|
|a BOA001
|b cze
|e rda
|
| 043 |
|
|
|a e-xr---
|
| 072 |
|
7 |
|a 349
|x Pracovní, sociální, stavební právo. Právo životního prostředí
|2 Konspekt
|9 16
|
| 080 |
|
|
|a 347.447
|2 MRF
|
| 080 |
|
|
|a 349.2
|2 MRF
|
| 080 |
|
|
|a 331.46
|2 MRF
|
| 080 |
|
|
|a 331.472
|2 MRF
|
| 080 |
|
|
|a (437.3)
|2 MRF
|
| 080 |
|
|
|a (048.8)
|2 MRF
|
| 100 |
1 |
|
|a Štěpánková, Kateřina,
|d 1991-
|7 xx0252499
|4 aut
|
| 245 |
1 |
0 |
|a Odpovědnost zaměstnavatele za škodu /
|c Kateřina Štěpánková
|
| 264 |
|
1 |
|a Praha :
|b Auditorium,
|c 2024
|
| 300 |
|
|
|a 238 stran :
|b ilustrace ;
|c 22 cm
|
| 336 |
|
|
|a text
|b txt
|2 rdacontent
|
| 337 |
|
|
|a bez média
|b n
|2 rdamedia
|
| 338 |
|
|
|a svazek
|b nc
|2 rdacarrier
|
| 504 |
|
|
|a Obsahuje bibliografii a bibliografické odkazy
|
| 650 |
0 |
7 |
|a odpovědnost za škodu
|7 ph162029
|z Česko
|2 czenas
|
| 650 |
0 |
7 |
|a pracovní právo
|7 ph115872
|z Česko
|2 czenas
|
| 650 |
0 |
7 |
|a pracovní úrazy
|7 ph124540
|z Česko
|2 czenas
|
| 650 |
0 |
7 |
|a nemoci z povolání
|7 ph123217
|z Česko
|2 czenas
|
| 650 |
0 |
9 |
|a liability for damages
|z Czechia
|2 eczenas
|
| 650 |
0 |
9 |
|a labor laws and legislation
|z Czechia
|2 eczenas
|
| 650 |
0 |
9 |
|a industrial accidents
|z Czechia
|2 eczenas
|
| 650 |
0 |
9 |
|a occupational diseases
|z Czechia
|2 eczenas
|
| 655 |
|
7 |
|a monografie
|7 fd132842
|2 czenas
|
| 655 |
|
9 |
|a monographs
|2 eczenas
|
| 910 |
2 |
|
|a BOA001
|b 2-1526.345
|
| 990 |
|
|
|a BK
|
| 995 |
|
|
|a 01
|
| 991 |
|
|
|b 202406
|c NOV
|
| 996 |
6 |
|
|b 2610971645
|c 2-1526.345
|l MZK
|r Sklad / do 1 hodiny
|n 0
|p p.v.
|w 001967036
|u 000010
|a 1
|e BOA001
|j MZK50
|s P
|
| 996 |
7 |
|
|b 2610975254
|c 2-1526.345
|l Vol.výběr
|r VV 0p
|n 1
|p kup
|h 349 ŠTĚ
|w 001967036
|u 000020
|a 0
|e BOA001
|j MZK50
|s A
|